| 000 | 00652nam a22002177a 4500 | ||
|---|---|---|---|
| 003 | OSt | ||
| 005 | 20141121115326.0 | ||
| 008 | 141121b xxu||||| |||| 00| 0 eng d | ||
| 040 |
_aDLC _bDLC _cDLC |
||
| 100 |
_aGlenday, Bridget _933821 |
||
| 245 |
_aKenya's best hotels, lodges and homestays _cBridget Glenday |
||
| 260 |
_aNairobi, Kenya _bKenyway Publications _c1993 |
||
| 300 |
_axx, 304p _bill, maps _c20cm, |
||
| 504 | _aIncludes index | ||
| 650 |
_aHotels _vGuidebooks _zKenya _933822 |
||
| 650 |
_vGuidebooks _zKenya _933823 |
||
| 650 |
_aHotels _933824 |
||
| 700 |
_aSouthwick, Susan _933825 |
||
| 700 |
_aWestley, Joan _933826 |
||
| 942 |
_2lcc _cBK |
||
| 999 |
_c60843 _d60817 |
||